000 00434nam a2200181Ia 4500
008 210210b1939 xxu||||| |||| 00| 0 eng d
041 _aeng
082 _a531/50
100 _aEDDINGTON (Arthur)
245 _aPhilosophy of physical science
260 _aCambridge
_bThe University Press
_c1939
300 _aix,230
650 _ascience
650 _aphysical
650 _aPhilosophy
690 _aPhysics
906 _a008251
999 _c126152
_d126152